| 000 | 00779cam a22002657a 4500 | ||
|---|---|---|---|
| 003 | CHAP | ||
| 005 | 20220329133924.0 | ||
| 008 | 971013s1971 r 00010 d | ||
| 010 | _a12734 | ||
| 011 | _a13706 | ||
| 035 | _a17778 | ||
| 040 | _cCHAP | ||
| 090 | _aFolleto 1353 | ||
| 100 | 0 | 0 |
_aCarvalho Carvalho, Francisco. _919696 |
| 245 | 0 | _aFertilización del mango | |
| 260 |
_aChapingo, Méx. : _bDepartamento de Extensión Agrícola, _c1971 |
||
| 300 | _a12 p. | ||
| 590 |
_aBATCH-UPD _b10 _c20130110 _lUCH01 _h2103 |
||
| 590 |
_aCONVERSION _b10 _c20130109 _lUCH01 _h1308 |
||
| 650 | 1 | 4 |
_aFertilizantes para mango. _940624 |
| 901 | _aBK | ||
| 942 | _cFOLL | ||
| 949 |
_aFolleto 1353 _bBC _cFOLL _d-41707 _eTS1 _i17778 _si |
||
| 949 |
_bBC _cFOLL _d-41708 _eTS2 _fc.2 _i17778 _mD _si |
||
| 999 |
_c12734 _d12734 |
||